Manejo integrado das pragas das palmeiras (Registro n. 86482)
[ somente texto ]
| 000 -LÍDER | |
|---|---|
| Campo de controle fixo | 00926nam a22003257a 4500 |
| 001 - NÚMERO DE CONTROLE | |
| Número de controle | BR2023001955 |
| 003 - CÓDIGO MARC DA AGÊNCIA CATALOGADORA | |
| Campo de controle | BR-BrBNA |
| 005 - DATA E HORA DA ÚLTIMA ATUALIZAÇÃO | |
| Campo de controle | 20231018105740.0 |
| 008 - CAMPO DE TAMANHO FIXO | |
| Campo fixo de controle | 231015b bl.||||| |||| 00| 0 por d |
| 040 ## - FONTE DA CATALOGAÇÃO | |
| Agência catalogadora | BR-BrBNA |
| Idioma da catalogação | por |
| 041 ## - CÓDIGO DO IDIOMA | |
| Código do Idioma | por |
| 072 ## - CATEGORIA AGRIS | |
| Código da categoria de assunto/objeto | <a href="H10 ; H20">H10 ; H20</a> |
| Código do objeto | 4010 ; 4100 |
| 090 ## - NÚMERO DE CHAMADA | |
| Localização na estante | 4010 BR2023001955 |
| 100 ## - ENTRADA PRINCIPAL - NOME PESSOAL | |
| Nome pessoal | Moura, José Inácio Lacerda (ed.) |
| 110 1# - ENTRADA PRINCIPAL - ENTIDADE | |
| 9 (RLIN) | 2106 |
| Nome da entidade ou lugar | Comissão Executiva do Plano da Lavoura Cacaueira, Ilhéus, BA (Brasil) |
| 245 ## - TÍTULO PRINCIPAL | |
| Título principal | Manejo integrado das pragas das palmeiras |
| 260 ## - IMPRENTA (PUBLICAÇÃO, DISTRIBUIÇÃO, ETC.) | |
| Lugar de publicação, distribuição, etc. | Ilhéus, BA (Brasil) |
| Data de publicação, distribuição, etc | 2016 |
| 300 ## - DESCRIÇÃO FÍSICA | |
| Extensão | 186 p. |
| 500 ## - NOTA GERAL | |
| Notas gerais | Bibliography p. 159-186 (299 ref.);86 illus.; 6 tables |
| 650 ## - ASSUNTO - THESAGRO | |
| Cabeçalho tópico ou nome geográfico | PALMEIRA OLEAGINOSA |
| 650 ## - ASSUNTO - THESAGRO | |
| Cabeçalho tópico ou nome geográfico | COCO |
| 650 ## - ASSUNTO - THESAGRO | |
| Cabeçalho tópico ou nome geográfico | DENDÊ |
| 650 ## - ASSUNTO - THESAGRO | |
| Cabeçalho tópico ou nome geográfico | AÇAÍ |
| 650 ## - ASSUNTO - THESAGRO | |
| Cabeçalho tópico ou nome geográfico | PUPUNHA |
| 650 ## - ASSUNTO - THESAGRO | |
| Cabeçalho tópico ou nome geográfico | PRAGA DE PLANTA |
| 650 ## - ASSUNTO - THESAGRO | |
| Cabeçalho tópico ou nome geográfico | DOENÇA DE PLANTA |
| 650 ## - ASSUNTO - THESAGRO | |
| Cabeçalho tópico ou nome geográfico | CONTROLE INTEGRADO |
| 909 ## - IDENTIFICAÇÃO DO CATALOGADOR | |
| Ano e mês da catalogação (aaaamm) | 202310 |
| Identificação do catalogador | Fernando |
| 942 ## - TIPO ESPECÍFICO | |
| Tipo de material | Livros |
| 952 ## - LOCATION AND ITEM INFORMATION (KOHA) | |
| -- | 2023-10-15 |
| Status de empréstimo | Fonte de classificação | Status de danificação | Não pode ser emprestado | Código da coleção | Localização permanente | Localização atual | Localização na estante | Total Checkouts | Número de chamada | Código de barras | Tipo de material |
|---|---|---|---|---|---|---|---|---|---|---|---|
| Classificação AGRIS | Agrobase | Biblioteca Nacional de Agricultura - Binagri | Biblioteca Nacional de Agricultura - Binagri | Agrobase - Acervo Geral | 4010 BR2023001955 | 2023-436529 | Livros |

BINAGRI